| 000 | 00422nam a2200169Ia 4500 | ||
|---|---|---|---|
| 008 | 230524s9999 xx 000 0 und d | ||
| 082 |
_a658.132 _bGOR |
||
| 100 | _aE.Gordon | ||
| 245 | 0 | _a"Banking: Theory,Law and Practice, 21st rev ed." | |
| 250 | _aIST | ||
| 260 |
_aMUMBAI _bHimalaya _c2009 |
||
| 300 | _aXVI;629 | ||
| 500 | _aQuantity Number: 35 | ||
| 650 | _aManagement | ||
| 700 | _a K.Natarajan | ||
| 942 | _cBK | ||
| 999 |
_c45634 _d45634 |
||